00974nam a2200229 a 4500001001000000003000500010005001700015008004100032010001100073011001100084040000900095100002800104245016700132260004100299500006000340502010300400650004200503650003800545650004000583650005100623856007000674000113499CHAP20220329144357.0170726s2016 mx sm |||||||spa d a109960 a110932 cCHAP1 aLópez Arenas, Yantzin10aSituaciación actual y perspectivas de la exportación de frutas tropicales de México a Estados Unidos de Américah[En línea]cpor Yantzin López Arenas. aChapingo, Méx. :bEl autor,c2016. aPara ver el contenido del material haga clic en la liga aTesis (Lic. en Comercio Internacional) -- UACH. División de Ciencias Económico Administrativas14aFrutas tropicalesxBalanza comercial.14aFrutas tropicalesxExportación.14aFrutas tropicalesxMercadeozE.U.A.14aFruticulturaxAspectos económicoszMéxico. aFinding aiduhttp://10.13.5.2/tesis/sist113499.pdfzTeclea aquí